| 000 | 01002nam a22002657a 4500 | ||
|---|---|---|---|
| 999 |
_c65481 _d65481 |
||
| 005 | 20240530110827.0 | ||
| 008 | 190806s2018 ua a g b 000 0 ara d | ||
| 017 |
_a22930/2018 _bمصر. دار الكتب |
||
| 020 | _a9789776543836 | ||
| 040 |
_aEG-CaGPL _cEG-CaGPL |
||
| 082 | 0 | 4 |
_221 _a303.4833/ _bو م |
| 100 | 0 | _aوليد رشاد زكى | |
| 245 | 1 | 2 |
_aالمواطنة والتمكين فى العصر الرقمى : _bالفرص والمخاطر / _cوليد رشاد زكى |
| 250 | _aط.1 | ||
| 260 |
_aالقاهرة : _bروابط للنشر وتقنية المعلومات، _c2019 |
||
| 300 |
_a209 ص. : _bايض. ؛ _c24 سم |
||
| 650 | 0 | 7 |
_2qrmak _aالمواطنة |
| 650 | 0 | 7 |
_aالانترنت _2qrmak |
| 650 | 0 | 7 |
_aالانترنت _zمصر _yما قبل الثورة |
| 650 | 0 | 7 |
_aالانترنت _zمصر _yما بعد الثورة |
| 650 | 0 | 7 |
_aالمجتمع الشبكى _2qrmak |
| 651 | _2qrmak | ||
| 942 |
_2ddc _cBK |
||